Statistics for Shared First Names of TV Characters

Click here to take the quiz!

General Stats

  • This quiz has been taken 70 times
  • The average score is 13 of 24

Answer Stats

Last Name #1Last Name #2First Name% Correct
FridayTribianiJoe / Joey
90%
FlintstoneSanfordFred
88%
CostanzaJeffersonGeorge
75%
FifeStinsonBarney
74%
MadisonThe GrouchOscar
72%
BauerTripperJack
70%
BradshawHeffernanCarrie
67%
BuffayHalliwellPhoebe
64%
MicelliSopranoTony
64%
KelsoScottMichael
62%
BaroneDonovanRay
62%
LemonMcGuireLiz / Lizzie
59%
KramdenMalphRalph
58%
CartmanFormanEric
54%
HofstadterMcCoyLeonard
49%
CartwrightMatlockBen
48%
Delgado-PritchettStivicGloria
46%
KatsopolisPinkmanJesse
42%
DePalmaGrantLouie / Lou
42%
KlingerSmartMax / Maxwell
39%
KeatonRiegerAlex
30%
HarperTownsendCharlie
29%
FletcherTateJessica
26%
DuncanSpellmanSabrina
16%

Score Distribution

Percentile by Number Answered

Percent of People with Each Score

Your Score History

You have not taken this quiz